000
00301nam a22001217a 4500
008
180514b xxu||||| |||| 00| 0 eng d
041
_a
eng
080
_a
043.3
100
_a
0
101
_a
SHKI-BTH
245
_a
Siguria e rrjetave në ndërmarrjet e vogla dhe të mesme
_c
Murati,M
942
_2
udc
_c
BK
999
_c
45748
_d
45748